<?xml version="1.0" encoding="UTF-8"?><?xml-stylesheet type="text/xsl" href="static/style.xsl"?><OAI-PMH xmlns="http://www.openarchives.org/OAI/2.0/" xmlns:xsi="http://www.w3.org/2001/XMLSchema-instance" xsi:schemaLocation="http://www.openarchives.org/OAI/2.0/ http://www.openarchives.org/OAI/2.0/OAI-PMH.xsd"><responseDate>2026-04-14T11:51:01Z</responseDate><request verb="GetRecord" identifier="oai:uvadoc.uva.es:10324/2000" metadataPrefix="marc">https://uvadoc.uva.es/oai/request</request><GetRecord><record><header><identifier>oai:uvadoc.uva.es:10324/2000</identifier><datestamp>2021-06-29T09:27:57Z</datestamp><setSpec>com_10324_38</setSpec><setSpec>col_10324_852</setSpec></header><metadata><record xmlns="http://www.loc.gov/MARC21/slim" xmlns:doc="http://www.lyncode.com/xoai" xmlns:xsi="http://www.w3.org/2001/XMLSchema-instance" xmlns:dcterms="http://purl.org/dc/terms/" xsi:schemaLocation="http://www.loc.gov/MARC21/slim http://www.loc.gov/standards/marcxml/schema/MARC21slim.xsd">
<leader>00925njm 22002777a 4500</leader>
<datafield tag="042" ind1=" " ind2=" ">
<subfield code="a">dc</subfield>
</datafield>
<datafield tag="720" ind1=" " ind2=" ">
<subfield code="a">Lobete García, Raquel</subfield>
<subfield code="e">author</subfield>
</datafield>
<datafield tag="260" ind1=" " ind2=" ">
<subfield code="c">2012</subfield>
</datafield>
<datafield tag="520" ind1=" " ind2=" ">
<subfield code="a">Mediante un análisis de la situación del mercado de trabajo en España, vemos las incidencias de las políticas de empleo en general y de las políticas activas en particular, la importancia del papel que desempeñan, así como los objetivos que persiguen. Se analizan las diferentes clasificaciones de las políticas activas, su evaluación y efectos tanto microeconómicos como macroeconómicos para comprobar su grado de eficacia, así como su evolución en los últimos años y la distribución del gasto. Finalmente una serie de propuestas de mejora y como les han afectado las últimas reformas de empleo.</subfield>
</datafield>
<datafield tag="024" ind2=" " ind1="8">
<subfield code="a">http://uvadoc.uva.es/handle/10324/2000</subfield>
</datafield>
<datafield ind1=" " ind2=" " tag="653">
<subfield code="a">España - Política de empleo</subfield>
</datafield>
<datafield tag="245" ind1="0" ind2="0">
<subfield code="a">Políticas Activas de Empleo en España</subfield>
</datafield>
</record></metadata></record></GetRecord></OAI-PMH>